000 00644cas a22002055a 4500
001 L121729
008 030325d2003 xxkfr p a eng d
035 _a(Sirsi) u121729
041 0 _aeng
110 2 _aRoyal Institution of Chartered Surveyors
_bCommercial Property Faculty
_94355
245 0 0 _aCommercial Property Faculty Newsletter
260 3 _aLondon
_bRICS
_c2003
362 _a(2) March 2003-(3) September 2003
554 _aTwo per year
651 4 _aEngland and Wales
_y1543-
690 _aPROPERTY-COMMERCIAL PROPERTY
780 0 0 _tCommercial Property Update
785 0 0 _tThe Journal: RICS Commercial Property
942 _n0
999 _c118770
_d118770